000 00636cam a2200193 4500
001 D15249
008 090401t1984 xxu||||| |||| 00| 0 eng d
035 _a(Sirsi) u21456
041 _aeng
050 _a690.24
110 _aRoyal Institution of Chartered Surveyors
_94900
245 _aConserving the industrial heritage: RICS/Times conservation awards 1984
260 _aLondon
_bRICS/The Times
_c1984
300 _a28p. 30cm
350 _a0
520 _aFiled in box RICS 1984/47 ABC A - Archives, B - Reference, C - Loan. N.B. Conserving our industrial heritage: conservation award 1978
942 _n0
948 _c04/03/1997
999 _c87982
_d87982